[Event "FIN-chT 0001"]
[Site "Finland"]
[Date "2001.03.10"]
[Round "8.2"]
[White "Keskinen, Sauli"]
[Black "Keskisarja, Teemu"]
[Result "0-1"]
[WhiteElo "2252"]
[BlackElo "2278"]
[PlyCount "77"]
[EventDate "2000.11.07"]
[EventType "team-tourn"]
[EventRounds "9"]
[EventCountry "FIN"]
[SourceTitle "EXT 2022"]
[Source "ChessBase"]
[SourceDate "2021.10.06"]
[SourceVersion "1"]
[SourceVersionDate "2021.10.06"]
[SourceQuality "1"]
[WhiteTeam "Salo SK"]
[BlackTeam "Turku TS"]
[WhiteTeamCountry "FIN"]
[BlackTeamCountry "FIN"]

1. e4 c5 2. Nc3 Nc6 3. g3 Nf6 4. Bg2 e6 5. d3 Be7 6. Nh3 0-0 7. 0-0 d5 8. Bg5 d4 9. Ne2 e5 10. Bxf6 Bxf6 11. f4 exf4 12. gxf4 g6 13. Kh1 Bg7 14. Ng3 Qh4 15. f5 Bh6 16. Ng1 Ne5 17. Nf3 Qe7 18. Nxe5 Qxe5 19. Qg4 Bd7 20. Rf3 c4 21. Raf1 cxd3 22. cxd3 Be3 23. Qh4 g5 24. Qh5 f6 25. h4 Be8 26. Qg4 Kh8 27. hxg5 Bxg5 28. Ne2 Rc8 29. Rh3 Rg8 30. Bf3 Rc7 31. Rh2 Bb5 32. Rd1 Be3 33. Qh3 Bxd3 34. Qh4 Bxe2 35. Bxe2 Bf4 36. Rh3 Qxe4+ 37. Bf3 Qe5 38. Re1 Be3 39. Qh5 0-1

[Event "Tallinn-Helsinki m"]
[Site "Tallinn"]
[Date "2000.08.05"]
[Round "1"]
[White "Keskisarja, Teemu"]
[Black "Raud, Rainer"]
[Result "1-0"]
[WhiteElo "2272"]
[BlackElo "2360"]
[PlyCount "54"]
[EventDate "2000.08.05"]
[EventType "match"]
[EventRounds "1"]
[EventCountry "EST"]
[SourceTitle "CBM 077 Extra"]
[Source "ChessBase"]
[SourceDate "2000.09.14"]
[SourceVersion "1"]
[SourceVersionDate "2000.09.14"]
[SourceQuality "1"]

1. e4 c6 2. d4 d5 3. e5 Bf5 4. Nf3 e6 5. Be2 c5 6. Be3 Nd7 7. 0-0 Ne7 8. c4 dxc4 9. Na3 Nd5 10. Nxc4 a6 11. dxc5 Nxe3 12. Nxe3 Nxc5 13. Nxf5 Qxd1 14. Nxg7+ Bxg7 15. Raxd1 Ke7 16. Nd2 Bxe5 17. Nc4 Bg7 18. Bf3 a5 19. Rd2 Rhd8 20. Rfd1 Rxd2 21. Rxd2 a4 22. Kf1 Ra6 23. Ke2 b5 24. Ne3 f5 25. Rc2 Bd4 26. h3 Rd6 27. g4 f4 1-0

[Event "Tampere op"]
[Site "Tampere"]
[Date "2000.??.??"]
[Round "4"]
[White "Keskisarja, Teemu"]
[Black "Pessi, Juha"]
[Result "1-0"]
[WhiteElo "2284"]
[BlackElo "2190"]
[PlyCount "71"]
[EventDate "2000.??.??"]
[EventType "swiss"]
[EventRounds "5"]
[EventCountry "FIN"]
[SourceTitle "EXT 2001"]
[Source "ChessBase"]
[SourceDate "2000.11.22"]
[SourceVersion "1"]
[SourceVersionDate "2000.11.22"]
[SourceQuality "1"]

1. d4 f5 2. g3 Nf6 3. Bg2 e6 4. Nf3 Be7 5. c4 d6 6. Nc3 0-0 7. 0-0 a5 8. a3 Qe8 9. b3 Qh5 10. Rb1 Nc6 11. b4 axb4 12. axb4 Ne4 13. Qd3 Nxc3 14. Qxc3 Bf6 15. b5 Ne7 16. e3 Ng6 17. c5 d5 18. c6 b6 19. Ba3 Re8 20. Bb4 Nh8 21. Ra1 Rxa1 22. Rxa1 g5 23. Ra7 g4 24. Ne1 Bd8 25. Nd3 Nf7 26. Qa3 Ng5 27. Nf4 Nh3+ 28. Bxh3 gxh3 29. Qd3 Qg4 30. Qf1 Kh8 31. Qxh3 Qd1+ 32. Kg2 Qb1 33. Qh5 Rg8 34. Bd6 Qe4+ 35. f3 Qc2+ 36. Kh3 1-0

[Event "Tampere op"]
[Site "Tampere"]
[Date "2000.??.??"]
[Round "2"]
[White "Saastamoinen, Aarne"]
[Black "Keskisarja, Teemu"]
[Result "0-1"]
[WhiteElo "2175"]
[BlackElo "2284"]
[PlyCount "81"]
[EventDate "2000.??.??"]
[EventType "swiss"]
[EventRounds "5"]
[EventCountry "FIN"]
[SourceTitle "EXT 2001"]
[Source "ChessBase"]
[SourceDate "2000.11.22"]
[SourceVersion "1"]
[SourceVersionDate "2000.11.22"]
[SourceQuality "1"]

1. e4 c5 2. Nf3 d6 3. d4 cxd4 4. Nxd4 Nf6 5. Nc3 a6 6. Bg5 e6 7. f4 Be7 8. e5 dxe5 9. fxe5 Nfd7 10. Bxe7 Qxe7 11. Qh5 0-0 12. 0-0-0 g6 13. Qh6 Nxe5 14. Be2 Nbd7 15. Ne4 f5 16. Ng5 Nf6 17. h3 Bd7 18. Rhe1 Nf7 19. Nxf7 Qxf7 20. Nf3 Qg7 21. Qxg7+ Kxg7 22. Bc4 Rae8 23. Rd6 Bc8 24. Ng5 e5 25. Be6 Ne4 26. Rxe4 fxe4 27. Bxc8 Rf1+ 28. Kd2 Rxc8 29. Rd7+ Kg8 30. Nxe4 b5 31. c3 Rcf8 32. Ra7 Rg1 33. g4 Rg2+ 34. Ke3 Rxb2 35. g5 Rxa2 36. Nf6+ Rxf6 37. gxf6 Ra4 38. Re7 Rf4 39. Re6 Kf7 40. Rxa6 Rxf6 41. Ra7+ 0-1

[Event "Tampere op"]
[Site "Tampere"]
[Date "1999.??.??"]
[Round "4"]
[White "Agopov, Mikael"]
[Black "Keskisarja, Teemu"]
[Result "1-0"]
[WhiteElo "2398"]
[BlackElo "2313"]
[PlyCount "79"]
[EventDate "1999.??.??"]
[EventType "swiss"]
[EventRounds "5"]
[EventCountry "FIN"]
[SourceTitle "EXT 2000"]
[Source "ChessBase"]
[SourceDate "1999.11.16"]
[SourceVersion "1"]
[SourceVersionDate "1999.11.16"]
[SourceQuality "1"]

1. e4 e6 2. d4 d5 3. Nd2 Nf6 4. e5 Nfd7 5. f4 c5 6. c3 b6 7. a4 Ba6 8. Bb5 Be7 9. Ne2 0-0 10. 0-0 f5 11. Nf3 Qc8 12. c4 Nc6 13. cxd5 exd5 14. dxc5 Bxc5+ 15. Kh1 Nb4 16. Qb3 Bb7 17. Bd2 Na6 18. Rac1 Nc7 19. Bb4 Nxb5 20. axb5 Qe8 21. Rc2 Qe7 22. Be1 a5 23. bxa6 Rxa6 24. Nc3 Ra1 25. Nxd5 Bxd5 26. Qxd5+ Kh8 27. Qc4 Rfa8 28. g3 Nf8 29. Bf2 Qb7 30. Kg2 R1a4 31. Qd3 Ne6 32. Qb3 Qc6 33. Rd1 Qe4 34. Re1 Qc6 35. Rd1 Qe4 36. Qd3 Qb7 37. Qxf5 Nxf4+ 38. gxf4 Rf8 39. Bxc5 Rxf4 40. Qxf4 1-0

[Event "Heart of Finland op 09th"]
[Site "Jyvaskyla"]
[Date "1999.??.??"]
[Round "?"]
[White "Hartio, Ilkka"]
[Black "Keskisarja, Teemu"]
[Result "0-1"]
[WhiteElo "2132"]
[BlackElo "2268"]
[PlyCount "129"]
[EventDate "1999.07.??"]
[EventType "swiss"]
[EventRounds "9"]
[EventCountry "FIN"]
[SourceTitle "EXT 2001"]
[Source "ChessBase"]
[SourceDate "2000.11.22"]
[SourceVersion "1"]
[SourceVersionDate "2000.11.22"]
[SourceQuality "1"]

1. e4 c5 2. c3 Nf6 3. e5 Nd5 4. d4 cxd4 5. Nf3 Nc6 6. cxd4 d6 7. Bc4 Nb6 8. Bb5 dxe5 9. Nxe5 Bd7 10. Nxd7 Qxd7 11. Nc3 e6 12. 0-0 Be7 13. Be3 0-0 14. Rc1 a6 15. Bxc6 Qxc6 16. Qb3 Rfd8 17. Rfd1 Nd5 18. Nxd5 Qxd5 19. Qxd5 Rxd5 20. Rc7 Bf6 21. Rxb7 Rc8 22. f4 g6 23. Rd2 Kg7 24. Kf2 h6 25. Rb3 g5 26. fxg5 hxg5 27. Rc3 Rcd8 28. Rc5 R5d6 29. Bxg5 Rxd4 30. Bxf6+ Kxf6 31. Rxd4 Rxd4 32. Rc2 Ke5 33. Re2+ Kd5 34. g3 e5 35. h4 e4 36. Rc2 f5 37. a3 Rd1 38. Ke2 Rh1 39. Rd2+ Ke5 40. Ke3 Rh3 41. Kf2 f4 42. gxf4+ Kxf4 43. Kg2 Rxh4 44. Rd6 Ke3 45. Rxa6 Ke2 46. Kg3 Rh1 47. b4 e3 48. b5 Rb1 49. a4 Rb4 50. Ra8 Kd1 51. Rd8+ Ke1 52. a5 Rxb5 53. a6 Ra5 54. Ra8 e2 55. a7 Ra4 56. Kg2 Ra3 57. Kh2 Ra6 58. Kg2 Rg6+ 59. Kh3 Rg7 60. Kh4 Rd7 61. Kg3 Kd2 62. Re8 Rxa7 63. Rd8+ Ke1 64. Kg2 Rg7+ 65. Kh2 0-1

[Event "Heart of Finland op 09th"]
[Site "Jyvaskyla"]
[Date "1999.??.??"]
[Round "?"]
[White "Keskisarja, Teemu"]
[Black "Blechzin, Igor"]
[Result "1/2-1/2"]
[WhiteElo "2268"]
[BlackElo "2386"]
[PlyCount "91"]
[EventDate "1999.07.??"]
[EventType "swiss"]
[EventRounds "9"]
[EventCountry "FIN"]
[SourceTitle "EXT 2001"]
[Source "ChessBase"]
[SourceDate "2000.11.22"]
[SourceVersion "1"]
[SourceVersionDate "2000.11.22"]
[SourceQuality "1"]

1. e4 c5 2. Nf3 a6 3. c4 e6 4. Nc3 Qc7 5. d4 cxd4 6. Nxd4 Nf6 7. Bd3 Nc6 8. Nxc6 bxc6 9. 0-0 e5 10. Kh1 d6 11. f4 Be7 12. c5 dxc5 13. f5 a5 14. Qe2 a4 15. Nb1 Qa7 16. Nd2 Ba6 17. Nc4 Bxc4 18. Bxc4 Rd8 19. Be3 0-0 20. Qf3 Ne8 21. Rac1 Qb7 22. Rc2 Nd6 23. Be2 Nb5 24. Qg3 Kh8 25. Bc4 Nd6 26. Qxe5 Nxc4 27. Rxc4 Bf6 28. Qxc5 Qxb2 29. Rc2 Qb5 30. Re1 Rfe8 31. Bf2 h6 32. Qxc6 Qxc6 33. Rxc6 Rd2 34. Bg3 Rxa2 35. h3 Be5 36. Bxe5 Rxe5 37. Rc8+ Kh7 38. Rc7 f6 39. Re3 Re8 40. Rg3 Rg8 41. Ra7 Kh8 42. Kh2 Ra1 43. Rc3 Re8 44. Rcc7 Rg8 45. Rc3 Re8 46. Rcc7 1/2-1/2

[Event "FIN-ch"]
[Site "Vammala"]
[Date "1999.??.??"]
[Round "7"]
[White "Keskisarja, Teemu"]
[Black "Karttunen, Mika"]
[Result "1/2-1/2"]
[WhiteElo "2313"]
[BlackElo "2293"]
[PlyCount "109"]
[EventDate "1999.??.??"]
[EventType "swiss"]
[EventRounds "9"]
[EventCountry "FIN"]
[SourceTitle "EXT 2000"]
[Source "ChessBase"]
[SourceDate "1999.11.16"]
[SourceVersion "1"]
[SourceVersionDate "1999.11.16"]
[SourceQuality "1"]

1. c4 c6 2. Nf3 Nf6 3. e3 g6 4. d4 Bg7 5. Bd3 0-0 6. 0-0 d6 7. Nc3 Nbd7 8. b3 Re8 9. Bb2 e5 10. dxe5 dxe5 11. Ne4 Qc7 12. h3 Nxe4 13. Bxe4 Nc5 14. Bc2 a5 15. Qd2 f6 16. a3 Be6 17. b4 Na6 18. c5 Qf7 19. Rfd1 Bf8 20. Bc3 Nc7 21. e4 Ra7 22. Bd3 Rea8 23. Qe2 axb4 24. axb4 Ra3 25. Rxa3 Rxa3 26. Be1 Na6 27. Nh2 Ra2 28. Qf1 Nb8 29. Ng4 Nd7 30. Ne3 b5 31. cxb6 Nxb6 32. Rc1 Qd7 33. b5 c5 34. Nc4 Qa7 35. Rb1 Ra4 36. Nxb6 Qxb6 37. Bd2 c4 38. Be3 Qb7 39. Bc2 Ra5 40. b6 Be7 41. Ra1 Ba3 42. Qd1 Ra8 43. Kh2 Kf7 44. f3 Qc6 45. Qe1 Bc8 46. Qc3 Bb4 47. Qb2 Rxa1 48. Qxa1 Bb7 49. Qa7 Be7 50. Ba4 Qc8 51. Bb5 c3 52. Qa2+ Kg7 53. Bc4 Bc5 54. Bxc5 Qxc5 55. Qb3 1/2-1/2

[Event "Helsinki-ch"]
[Site "Helsinki"]
[Date "1999.??.??"]
[Round "1"]
[White "Keskisarja, Teemu"]
[Black "Kiltti, Jyrki"]
[Result "1/2-1/2"]
[WhiteElo "2313"]
[BlackElo "2192"]
[PlyCount "63"]
[EventDate "1999.??.??"]
[EventType "tourn"]
[EventRounds "9"]
[EventCountry "FIN"]
[SourceTitle "EXT 2002"]
[Source "ChessBase"]
[SourceDate "2001.11.25"]
[SourceVersion "1"]
[SourceVersionDate "2001.11.25"]
[SourceQuality "1"]

1. e4 e6 2. d4 d5 3. Nc3 Nf6 4. e5 Nfd7 5. f4 c5 6. Nf3 Nc6 7. Be3 Qa5 8. Qd2 c4 9. Be2 b5 10. 0-0 Nb6 11. a3 Na4 12. Nxa4 Qxd2 13. Nxd2 bxa4 14. b3 axb3 15. cxb3 cxb3 16. Nxb3 Rb8 17. Rfb1 Be7 18. a4 Bd7 19. Bb5 Nb4 20. Rc1 a6 21. Bf1 0-0 22. Bd2 Nc6 23. Nc5 Bxc5 24. dxc5 Nd4 25. Ra2 Nb3 26. Rc3 Nxd2 27. Rxd2 Bxa4 28. Bxa6 Bb5 29. Bxb5 Rxb5 30. Kf2 Rc8 31. c6 Kf8 32. Ke3 1/2-1/2

[Event "FIN-ch"]
[Site "Vammala"]
[Date "1999.??.??"]
[Round "5"]
[White "Keskisarja, Teemu"]
[Black "Kytoniemi, Jyrki"]
[Result "1/2-1/2"]
[WhiteElo "2313"]
[BlackElo "2289"]
[PlyCount "65"]
[EventDate "1999.??.??"]
[EventType "swiss"]
[EventRounds "9"]
[EventCountry "FIN"]
[SourceTitle "EXT 2000"]
[Source "ChessBase"]
[SourceDate "1999.11.16"]
[SourceVersion "1"]
[SourceVersionDate "1999.11.16"]
[SourceQuality "1"]

1. c4 f5 2. d4 Nf6 3. g3 e6 4. Bg2 Bb4+ 5. Nd2 Qe7 6. Ngf3 0-0 7. 0-0 Bxd2 8. Bxd2 d6 9. Qc2 Ne4 10. Rad1 Nxd2 11. Nxd2 Nd7 12. f4 Nf6 13. e4 e5 14. exf5 exd4 15. Rfe1 Qd7 16. c5 Qxf5 17. Qb3+ Kh8 18. cxd6 cxd6 19. Nf3 Bd7 20. Nxd4 Qc5 21. Kh1 Ng4 22. Qf3 Rae8 23. h3 Rxe1+ 24. Rxe1 Qxd4 25. hxg4 Bc6 26. Qc3 Qxc3 27. bxc3 Kg8 28. Bxc6 bxc6 29. Re7 Rf7 30. Re8+ Rf8 31. Re7 Rf7 32. Re8+ Rf8 33. Re7 1/2-1/2

[Event "Helsinki-ch"]
[Site "Helsinki"]
[Date "1999.??.??"]
[Round "3"]
[White "Keskisarja, Teemu"]
[Black "Manninen, Marko"]
[Result "0-1"]
[WhiteElo "2313"]
[BlackElo "2404"]
[PlyCount "68"]
[EventDate "1999.??.??"]
[EventType "tourn"]
[EventRounds "9"]
[EventCountry "FIN"]
[SourceTitle "EXT 2002"]
[Source "ChessBase"]
[SourceDate "2001.11.25"]
[SourceVersion "1"]
[SourceVersionDate "2001.11.25"]
[SourceQuality "1"]

1. Nf3 d5 2. d4 Nc6 3. c4 Bg4 4. cxd5 Bxf3 5. gxf3 Qxd5 6. e3 e6 7. Nc3 Qh5 8. Be2 Nf6 9. Bd2 Bb4 10. a3 Bxc3 11. bxc3 Qg6 12. Kf1 e5 13. Rb1 Rb8 14. Rg1 Qh6 15. Kg2 0-0 16. Kh1 Nd7 17. Qc2 Qe6 18. Bd3 g6 19. Rg5 Kh8 20. f4 f6 21. Rg2 exf4 22. e4 Qd6 23. Rbg1 Rbd8 24. Qc1 g5 25. h4 Nde5 26. Bb1 Nf3 27. Qc2 Qd7 28. Rh2 Nxg1 29. Kxg1 Ne5 30. dxe5 Qxd2 31. exf6 Qe1+ 32. Kg2 Rd2 33. Qxd2 Qxd2 34. hxg5 Qd1 0-1

[Event "Helsinki op"]
[Site "Helsinki"]
[Date "1999.??.??"]
[Round "5"]
[White "Keskisarja, Teemu"]
[Black "Paasikangas Tella, Johanna"]
[Result "0-1"]
[WhiteElo "2313"]
[BlackElo "2279"]
[PlyCount "72"]
[EventDate "1999.??.??"]
[EventType "swiss"]
[EventRounds "5"]
[EventCountry "FIN"]
[SourceTitle "EXT 2000"]
[Source "ChessBase"]
[SourceDate "1999.11.16"]
[SourceVersion "1"]
[SourceVersionDate "1999.11.16"]
[SourceQuality "1"]

1. e4 d5 2. exd5 Qxd5 3. Nc3 Qa5 4. d4 c6 5. Bc4 Nf6 6. Bd2 Qb6 7. Nf3 Qxb2 8. 0-0 Qa3 9. Rb1 e6 10. Re1 Be7 11. d5 exd5 12. Nb5 cxb5 13. Bb4 Qxb4 14. Rxb4 bxc4 15. Nd4 Nc6 16. Qe2 0-0 17. Nxc6 Bxb4 18. Nxb4 a5 19. Nxd5 Nxd5 20. Qxc4 Nf6 21. Qb5 Be6 22. a3 Bd5 23. f3 a4 24. c4 Bc6 25. Qb4 Rfe8 26. Rxe8+ Rxe8 27. Kf2 h6 28. Qd6 Nd7 29. Qd4 Ne5 30. h3 f6 31. h4 Re7 32. Kg3 Rd7 33. Qc5 Kf7 34. h5 Rd2 35. Qe3 Nxc4 36. Qf4 b5 0-1